Mecanismos de pago en salud : (Registro nro. 172674)
[ vista simple ]
| 000 -LEADER | |
|---|---|
| fixed length control field | 01282nam a22003611 4500 |
| 001 - CONTROL NUMBER | |
| control field | bslw10046058 |
| 006 - FIXED-LENGTH DATA ELEMENTS--ADDITIONAL MATERIAL CHARACTERISTICS--GENERAL INFORMATION | |
| fixed length control field | m o d |
| 007 - PHYSICAL DESCRIPTION FIXED FIELD--GENERAL INFORMATION | |
| fixed length control field | cr un ---uuuua |
| 008 - FIXED-LENGTH DATA ELEMENTS--GENERAL INFORMATION | |
| fixed length control field | 230419s2014 ck d ob 000 0 spa d |
| 020 ## - INTERNATIONAL STANDARD BOOK NUMBER | |
| International Standard Book Number | 9789587711257 |
| 020 ## - INTERNATIONAL STANDARD BOOK NUMBER | |
| International Standard Book Number | 9789587711264 |
| Qualifying information | (e-ISBN) |
| 035 ## - | |
| -- | 38285 |
| 040 ## - CATALOGING SOURCE | |
| Original cataloging agency | UtOrBLW |
| Language of cataloging | eng |
| Description conventions | rda |
| Transcribing agency | UtOrBLW |
| 050 #4 - | |
| -- | RA410 |
| -- | .C37 2014 |
| 082 04 - | |
| -- | 338.433621 |
| -- | 23 |
| 100 1# - MAIN ENTRY--PERSONAL NAME | |
| Personal name | Castaño Yepes, Ramón Abel, |
| Relator term | author. |
| 245 10 - TITLE STATEMENT | |
| Title | Mecanismos de pago en salud : |
| Remainder of title | anatomía, fisiología y fisiopatología / |
| Statement of responsibility, etc | Ramón Abel Castaño Yepes. |
| 250 ## - | |
| -- | Primera edición. |
| 264 #1 - | |
| -- | Bogotá, Colombia : |
| -- | ECOE Ediciones, |
| -- | 2014. |
| 300 ## - PHYSICAL DESCRIPTION | |
| Extent | 1 online resource (xvi, 179 pages) : |
| Other physical details | charts |
| 336 ## - | |
| -- | text |
| -- | txt |
| -- | rdacontent |
| 337 ## - | |
| -- | computer |
| -- | c |
| -- | rdamedia |
| 338 ## - | |
| -- | online resource |
| -- | cr |
| -- | rdacarrier |
| 490 1# - SERIES STATEMENT | |
| Series statement | Ciencias de la salud. Administración en salud |
| 504 ## - BIBLIOGRAPHY, ETC. NOTE | |
| Bibliography, etc | Includes bibliographical references. |
| 650 #0 - SUBJECT ADDED ENTRY--TOPICAL TERM | |
| Topical term or geographic name as entry element | Medical care, cost of. |
| 650 #0 - SUBJECT ADDED ENTRY--TOPICAL TERM | |
| Topical term or geographic name as entry element | Medical economics. |
| 650 #0 - SUBJECT ADDED ENTRY--TOPICAL TERM | |
| Topical term or geographic name as entry element | Delivery of Health Care |
| General subdivision | economics. |
| 830 #0 - | |
| -- | Colección Ciencias de la salud (ECOE Ediciones). |
| -- | Administración en salud. |
| 856 40 - LOCALIZACIÓN Y ACCESO ELECTRÓNICO | |
| Identificador Uniforme del Recurso (URI/URL) | https://app.vlex.com/#/sources/38285 |
| 942 ## - | |
| -- | RAA |
| 999 ## - | |
| -- | 172674 |
| -- | 172674 |
No hay ítems disponibles.